Využívanie fotovoltiky v podmienkach Slovenska

Na minha lista:
Detalhes bibliográficos
Autor principal: Volek, Matej (Author)
Outros Autores: Farkas Smitková, Miroslava (Thesis advisor)
Formato: Manuscrito Livro
Idioma:eslovaco
Publicado em: Bratislava : STU v Bratislave FEI, 2024
Assuntos:
Acesso em linha:https://opac.crzp.sk/?fn=detailBiblioFormChildWV3EP&sid=9A7D98113A4E7D6F06A677A0EB46&seo=CRZP-detail-kniha
Tags: Adicionar Tag
Sem tags, seja o primeiro a adicionar uma tag!

MARC

LEADER 00000ntm a22000003a 4500
001 stuzp97813
003 SK-STU
005 20250423130205.3
007 ta
008 150427s2015----xo-----f-mn---000-0-slo-d
040 |a STU  |b slo 
041 0 |a slo 
044 |a xo 
100 1 |a Volek, Matej  |u 032000  |4 aut  |U FEI Fakulta elektrotechniky a informatiky  |T FEI Ústav elektroenergetiky a aplikovanej elektrotechniky  |X 93123  |U E020  |Y 548  |7 93123 
242 0 1 |a Possibilities of Photovoltaic in Slovakia  |y eng 
245 1 0 |a Využívanie fotovoltiky v podmienkach Slovenska 
260 |a Bratislava :  |b STU v Bratislave FEI,  |c 2024 
300 |a 75 s. 
650 4 |a fotovoltika  |2 slo 
650 4 |a finančná návratnosť  |2 slo 
650 4 |a malý zdroj  |2 slo 
650 4 |a Obnoviteľne zdroje energie  |2 slo 
650 4 |a photovoltaics  |2 eng 
650 4 |a financial return  |2 eng 
650 4 |a small source  |2 eng 
650 4 |a Renewable energy source  |2 eng 
700 1 |a Farkas Smitková, Miroslava  |u 032000  |k Z8  |4 ths  |U FEI Fakulta elektrotechniky a informatiky  |T FEI Ústav elektroenergetiky a aplikovanej elektrotechniky  |X 42529  |U E020  |Y 548  |7 A000042529 
856 4 |u https://opac.crzp.sk/?fn=detailBiblioFormChildWV3EP&sid=9A7D98113A4E7D6F06A677A0EB46&seo=CRZP-detail-kniha